Θέματα ελληνικής διπλωματικής ιστορίας : (1912-1941)

Αποθηκεύτηκε σε:
Λεπτομέρειες βιβλιογραφικής εγγραφής
Κύριος συγγραφέας: Τούντα-Φεργάδη, Αρετή
Μορφή: Βιβλίο
Γλώσσα:Greek
Δημοσίευση: Αθήνα : Ι. Σιδέρης, 2005.
Θέματα:
Ετικέτες: Προσθήκη ετικέτας
Δεν υπάρχουν, Καταχωρήστε ετικέτα πρώτοι!

MARC

LEADER 00000nam a2200000 i 4500
001 1/49898
008 070905s2005 gr | ||| |||| ||gre||
020 |a 9600800634 
035 |l 10089312 
040 |a GR-MY-UA  |b gre  |e aacr 
041 0 |a gre 
082 7 |a 327.495   |2 (22) 
100 1 |a Τούντα-Φεργάδη, Αρετή. 
245 1 0 |a Θέματα ελληνικής διπλωματικής ιστορίας :   |b (1912-1941) /   |c Αρετή Τούντα-Φεργάδη.  
260 |a Αθήνα :   |b Ι. Σιδέρης,   |c 2005.  
300 |a 479 σ. ;   |c 21 εκ. 
504 |a Βιβλιογραφία: σ. 409-410.  
650 0 0 |a Greco-Turkish War, 1921-1922. 
651 0 |a Balkan Peninsula  |x Foreign relations  |y 20th century. 
651 0 |a Greece  |x Foreign relations  |y 1863-1917. 
651 0 |a Greece  |x History  |y 20th century. 
651 0 |a Greece  |x Foreign relations  |y 1917-1935. 
651 0 |a Greece  |x Foreign relations  |y 1935-1967. 
651 0 |a Greece  |x Foreign relations  |z Albania. 
651 0 |a Greece  |x Foreign relations  |z Turkey. 
852 |a INST  |b CHIOS  |e 20070731  |h 327.495 ΤΟΥ  |p 005200026044  |q 005200026044  |t BK  |y 0 
852 |a INST  |b RHODES  |c EUDOXUS  |e 20180525  |h 327.495 ΤΟΥ  |p 005400040088  |q 005400040088  |t EDX  |y 0 
901 |a BIBL2-2007-3 
909 |a Χ  |b 135999 
920 |a Εύδοξος  |b Παραγγελία  |y Ρόδος-ΠΤΔΕ  |z 2018-04 
922 |a 2ΕΛΗ  |b 200707  |c ΕΠΕΑΕΚ2/ΤΝΕΥ  |d ΕΛΕΥΘΕΡΟΥΔΑΚΗΣ 
970 |a ΑΤΣΑΛΗ  |b ΔΕΣΠΟΙΝΑ  |z 2007/09/05